[Event "BI-2012-P-00001"]
[Site "LSS email"]
[Date "2012.04.20"]
[Round "?"]
[White "Bezzina, Reno"]
[Black "Loktayev, Vladislav"]
[Result "1-0"]
[WhiteElo "1553"]
[BlackElo "1499"]
[PlyCount "83"]
[EventDate "2012.04.22"]
[EventType "tourn (corr)"]
[EventRounds "10"]
[EventCountry "GER"]
[SourceTitle "Telechess CBM 159"]
[Source "ChessBase"]
[SourceDate "2014.03.17"]
[SourceVersion "1"]
[SourceVersionDate "2014.03.17"]
[SourceQuality "1"]

1. e4 c5 2. Nf3 d6 3. d4 cxd4 4. Nxd4 Nf6 5. Nc3 a6 6. Be2 e5 7. Nf3 Nbd7 8. Bg5 Be7 9. 0-0 0-0 10. Re1 h6 11. Bh4 Qc7 12. a4 b6 13. Nd2 Bb7 14. Bc4 Rfe8 15. Qe2 Nxe4 16. Ndxe4 Bxh4 17. Bd5 Nc5 18. Rad1 Bxd5 19. Nxd5 Qd8 20. b3 Bg5 21. Nxg5 hxg5 22. Qh5 Re6 23. Qf3 Rc8 24. Qf5 g6 25. Qg4 f5 26. Qb4 Nd7 27. c4 a5 28. Qd2 Nc5 29. Rb1 e4 30. Red1 Rb8 31. b4 axb4 32. Rxb4 Nd3 33. Rb5 f4 34. Rdb1 f3 35. g3 Rc8 36. Rxb6 Re5 37. a5 Ra8 38. a6 Qc8 39. a7 Qh3 40. Rb8+ Kg7 41. R1b7+ Kh6 42. Ne3 1-0

[Event "BI-2012-P-00001"]
[Site "LSS email"]
[Date "2012.04.20"]
[Round "?"]
[White "Bezzina, Reno"]
[Black "Ponting, Andrew"]
[Result "1-0"]
[WhiteElo "1553"]
[BlackElo "1388"]
[PlyCount "55"]
[EventDate "2012.04.22"]
[EventType "tourn (corr)"]
[EventRounds "10"]
[EventCountry "GER"]
[SourceTitle "Telechess CBM 159"]
[Source "ChessBase"]
[SourceDate "2014.03.17"]
[SourceVersion "1"]
[SourceVersionDate "2014.03.17"]
[SourceQuality "1"]

1. e4 e5 2. Nf3 Nc6 3. Bb5 Nf6 4. 0-0 Nxe4 5. d4 Nd6 6. Bxc6 dxc6 7. dxe5 Nf5 8. Qxd8+ Kxd8 9. Nc3 Ke8 10. b3 Be6 11. Rd1 Rd8 12. Bg5 Be7 13. Rxd8+ Bxd8 14. Rd1 Bxg5 15. Nxg5 Ke7 16. Rd3 h6 17. Nf3 g5 18. g4 Ng7 19. h3 Rd8 20. Rxd8 Kxd8 21. Nd4 Bd5 22. Kh2 Ne6 23. Nxe6+ Bxe6 24. Ne4 Bd5 25. Nf6 Ke7 26. Kg3 Ke6 27. f4 gxf4+ 28. Kxf4 1-0

[Event "BI-2012-P-00001"]
[Site "LSS email"]
[Date "2012.04.20"]
[Round "?"]
[White "Bezzina, Reno"]
[Black "Rahde, Frank"]
[Result "1/2-1/2"]
[WhiteElo "1553"]
[BlackElo "2011"]
[PlyCount "63"]
[EventDate "2012.04.22"]
[EventType "tourn (corr)"]
[EventRounds "10"]
[EventCountry "GER"]
[SourceTitle "Telechess CBM 159"]
[Source "ChessBase"]
[SourceDate "2014.03.17"]
[SourceVersion "1"]
[SourceVersionDate "2014.03.17"]
[SourceQuality "1"]

1. e4 d5 2. exd5 Qxd5 3. Nc3 Qa5 4. d4 c6 5. Nf3 Nf6 6. Bc4 Bf5 7. 0-0 e6 8. Nh4 Bg6 9. Nxg6 hxg6 10. Bf4 Qd8 11. Qd2 Bd6 12. Rae1 Qc7 13. Bxd6 Qxd6 14. h3 Nbd7 15. Ne4 Nxe4 16. Rxe4 Nf6 17. Re3 0-0-0 18. Rd1 Rh4 19. c3 g5 20. Ree1 g4 21. Qg5 Rh7 22. Bd3 Rhh8 23. Qxg7 Qe7 24. Bg6 Rdf8 25. Bf5 Qd8 26. Bxg4 Rhg8 27. Qh6 Nxg4 28. hxg4 Rxg4 29. Qh5 Rg5 30. Qf3 Rf5 31. Qe4 Rh8 32. g3 1/2-1/2

[Event "BI-2012-P-00001"]
[Site "LSS email"]
[Date "2012.04.20"]
[Round "?"]
[White "Wajnberg, Piotr"]
[Black "Bezzina, Reno"]
[Result "1-0"]
[WhiteElo "2181"]
[BlackElo "1553"]
[PlyCount "99"]
[EventDate "2012.04.22"]
[EventType "tourn (corr)"]
[EventRounds "10"]
[EventCountry "GER"]
[SourceTitle "Telechess CBM 159"]
[Source "ChessBase"]
[SourceDate "2014.03.17"]
[SourceVersion "1"]
[SourceVersionDate "2014.03.17"]
[SourceQuality "1"]

1. e4 c5 2. Nf3 d6 3. d4 cxd4 4. Nxd4 Nf6 5. Nc3 a6 6. Bg5 e6 7. f4 Qb6 8. Qd3 Be7 9. 0-0-0 Nc6 10. Nxc6 bxc6 11. e5 dxe5 12. fxe5 Nd5 13. Bxe7 Kxe7 14. Rd2 Rb8 15. Nd1 c5 16. Qg3 Kf8 17. Be2 Bb7 18. Rf1 Qc7 19. c4 Nb6 20. Ne3 Be4 21. Bh5 g6 22. Qf4 gxh5 23. Qxe4 Qe7 24. Rdf2 Nd7 25. Rxf7+ Qxf7 26. Rxf7+ Kxf7 27. Nd5 exd5 28. Qxd5+ Ke8 29. e6 Nb6 30. Qd6 Rc8 31. a4 a5 32. Qxb6 Ke7 33. Qxa5 Kxe6 34. Qb6+ Kd7 35. Qb7+ Ke6 36. a5 Kf6 37. a6 h6 38. a7 Rhe8 39. b4 cxb4 40. Kb2 h4 41. Kb3 Kg6 42. c5 h3 43. gxh3 h5 44. c6 Ra8 45. c7 Kf6 46. Kxb4 h4 47. Qb8 Ke6 48. Kb5 Kd7 49. Kb6 Rc8 50. Qb7 1-0

[Event "LSS No Engine Cup 62 Preliminary 7"]
[Site "LSS email"]
[Date "2012.03.20"]
[Round "?"]
[White "Bezzina, Reno"]
[Black "Rodriguez, Raul"]
[Result "1-0"]
[WhiteElo "1436"]
[BlackElo "1469"]
[PlyCount "103"]
[EventDate "2012.03.21"]
[EventType "tourn (corr)"]
[EventRounds "6"]
[EventCountry "GER"]
[SourceTitle "Telechess CBM 155"]
[Source "ChessBase"]
[SourceDate "2013.07.16"]
[SourceVersion "1"]
[SourceVersionDate "2013.07.16"]
[SourceQuality "1"]

1. e4 e6 2. d4 d5 3. Nc3 Nf6 4. Bg5 Bb4 5. e5 h6 6. Bh4 g5 7. Bg3 Ne4 8. Nge2 c5 9. a3 Ba5 10. dxc5 h5 11. b4 Nxc3 12. Nxc3 h4 13. Bxh4 Rxh4 14. g3 Rh8 15. bxa5 Qxa5 16. Qd2 a6 17. Bg2 Qxc5 18. 0-0 Nc6 19. Ne2 Rg8 20. c4 Qxc4 21. Rac1 Qa4 22. Qe3 Bd7 23. Rb1 b5 24. f4 gxf4 25. Rxf4 Qa5 26. Rbf1 Rb8 27. Kh1 Rf8 28. Nc1 Qb6 29. Qc3 Rc8 30. Nd3 Ne7 31. Qd2 Bc6 32. Rc1 Rh8 33. Rf6 d4 34. Kg1 a5 35. Rff1 Rg8 36. Qf4 Rf8 37. Bxc6+ Rxc6 38. Rxc6 Nxc6 39. Rc1 Rh8 40. Qe4 Kd7 41. Qf3 Nd8 42. Nc5+ Ke8 43. Ne4 d3+ 44. Kh1 d2 45. Rd1 Rh6 46. Rxd2 Kf8 47. Qf4 Rg6 48. Qh4 Nc6 49. Qh8+ Rg8 50. Qh6+ Ke7 51. Qf6+ Kf8 52. Rd7 1-0

[Event "LSS No Engine Cup 62 Preliminary 7"]
[Site "LSS email"]
[Date "2012.03.20"]
[Round "?"]
[White "Fernandez, German"]
[Black "Bezzina, Reno"]
[Result "0-1"]
[WhiteElo "1112"]
[BlackElo "1436"]
[PlyCount "54"]
[EventDate "2012.03.21"]
[EventType "tourn (corr)"]
[EventRounds "6"]
[EventCountry "GER"]
[SourceTitle "Telechess CBM 153"]
[Source "ChessBase"]
[SourceDate "2013.03.14"]
[SourceVersion "1"]
[SourceVersionDate "2013.03.14"]
[SourceQuality "1"]

1. d4 Nf6 2. c4 g6 3. Nc3 Bg7 4. Nf3 d6 5. e4 0-0 6. Be2 Bg4 7. 0-0 c5 8. d5 Nbd7 9. Bf4 h6 10. e5 Bxf3 11. Bxf3 Nxe5 12. Bxe5 dxe5 13. Qb3 Qb6 14. Rfe1 Ne8 15. Rad1 Qxb3 16. axb3 Nd6 17. Be4 f5 18. Bc2 e4 19. Ra1 a6 20. Ra2 b5 21. Rea1 bxc4 22. Rxa6 Rxa6 23. Rxa6 cxb3 24. Bxb3 Rb8 25. Ra3 c4 26. Ba4 Rxb2 27. Bd7 Bxc3 0-1

[Event "LSS No Engine Cup 62 Preliminary 7"]
[Site "LSS email"]
[Date "2012.03.20"]
[Round "?"]
[White "Lacunza, Mario"]
[Black "Bezzina, Reno"]
[Result "1-0"]
[WhiteElo "1720"]
[BlackElo "1436"]
[PlyCount "113"]
[EventDate "2012.03.21"]
[EventType "tourn (corr)"]
[EventRounds "6"]
[EventCountry "GER"]
[SourceTitle "Telechess CBM 155"]
[Source "ChessBase"]
[SourceDate "2013.07.16"]
[SourceVersion "1"]
[SourceVersionDate "2013.07.16"]
[SourceQuality "1"]

1. d4 Nf6 2. c4 g6 3. Nc3 Bg7 4. e4 d6 5. Nf3 0-0 6. Be2 e5 7. Be3 Qe7 8. dxe5 dxe5 9. 0-0 c6 10. Qc2 Bg4 11. Rad1 Nh5 12. h3 Be6 13. Qc1 Nd7 14. Rfe1 a6 15. Ng5 Nf4 16. Bxf4 exf4 17. Qxf4 Rae8 18. Nxe6 fxe6 19. Qe3 Be5 20. Rf1 c5 21. Kh1 Nf6 22. f4 Bd4 23. Qd3 Rd8 24. Qb1 e5 25. f5 Bxc3 26. bxc3 Kg7 27. g4 h6 28. Qb6 Rg8 29. Kg2 gxf5 30. exf5 e4 31. Rxd8 Rxd8 32. Rd1 Rxd1 33. Bxd1 e3 34. Be2 Qe4+ 35. Kg1 Qe7 36. h4 Kh8 37. Kg2 Kg8 38. Qe6+ Qxe6 39. fxe6 Kf8 40. Kf3 Ke7 41. Kxe3 Kxe6 42. Kf4 Nd7 43. g5 hxg5+ 44. Kxg5 Ne5 45. h5 b6 46. h6 Nf7+ 47. Kg6 Nxh6 48. Kxh6 Kf5 49. Bf3 Kf6 50. Be4 Ke5 51. Bb7 a5 52. Kg5 Ke6 53. a4 Ke5 54. Bg2 Ke6 55. Bh3+ Ke5 56. Bf5 Kd6 57. Kf6 1-0

[Event "LSS No Engine Cup 62 Preliminary 7"]
[Site "LSS email"]
[Date "2012.03.20"]
[Round "?"]
[White "Yangibayev, Rustam"]
[Black "Bezzina, Reno"]
[Result "0-1"]
[WhiteElo "837"]
[BlackElo "1436"]
[PlyCount "64"]
[EventDate "2012.03.21"]
[EventType "tourn (corr)"]
[EventRounds "6"]
[EventCountry "GER"]
[SourceTitle "Telechess CBM 153"]
[Source "ChessBase"]
[SourceDate "2013.03.14"]
[SourceVersion "1"]
[SourceVersionDate "2013.03.14"]
[SourceQuality "1"]

1. d4 Nf6 2. c4 g6 3. Nc3 Bg7 4. e4 d6 5. Bg5 h6 6. Bf4 0-0 7. Nf3 Nbd7 8. d5 Nc5 9. Bd3 e5 10. Be3 Nxd3+ 11. Qxd3 Bd7 12. 0-0 Ng4 13. Bd2 f5 14. h3 Nf6 15. Nh4 fxe4 16. Nxe4 g5 17. Nf3 Bf5 18. Nxf6+ Qxf6 19. Qb3 g4 20. hxg4 Bxg4 21. Nh2 Be2 22. Rfe1 Qxf2+ 23. Kh1 Bh5 24. Be3 Qg3 25. Rac1 e4 26. Nf1 Qh4+ 27. Kg1 Be5 28. Bxh6 Qf2+ 29. Kh1 Bf3 30. gxf3 Rf5 31. Ng3 Rh5+ 32. Nxh5 Qh2# 0-1

[Event "ZL-2012-0-01094"]
[Site "LSS email"]
[Date "2012.02.15"]
[Round "?"]
[White "Bichik, Aleksandr Mihail"]
[Black "Bezzina, Reno"]
[Result "1/2-1/2"]
[WhiteElo "1544"]
[BlackElo "1335"]
[PlyCount "106"]
[EventDate "2012.02.08"]
[EventType "match (corr)"]
[EventRounds "2"]
[EventCountry "GER"]
[SourceTitle "Telechess CBM 155"]
[Source "ChessBase"]
[SourceDate "2013.07.16"]
[SourceVersion "1"]
[SourceVersionDate "2013.07.16"]
[SourceQuality "1"]

1. e4 Nf6 2. e5 Nd5 3. Bc4 Nb6 4. Bb3 d5 5. d4 Nc6 6. c3 Bf5 7. Nf3 e6 8. Bc2 Bxc2 9. Qxc2 f6 10. Qe2 fxe5 11. Nxe5 Nxe5 12. Qxe5 Qd7 13. Qh5+ g6 14. Qe2 Bg7 15. Nd2 0-0 16. 0-0 Qd6 17. f4 c5 18. Nf3 cxd4 19. cxd4 Rac8 20. b3 Nd7 21. g3 Qb6 22. Bb2 Nf6 23. Ng5 Rce8 24. Kg2 h6 25. Nf3 Ne4 26. Nd2 Nd6 27. Qd3 Qb5 28. Qxg6 Nf5 29. Nf3 Rf6 30. Qh5 Ne3+ 31. Kf2 Nxf1 32. Rxf1 Rc8 33. Rc1 Rxc1 34. Bxc1 Qa5 35. Qe8+ Kh7 36. a4 Qc3 37. Be3 Qxb3 38. g4 Qc2+ 39. Kg3 Qe4 40. Bd2 Rf8 41. Qd7 Kg8 42. h4 Kh8 43. g5 b6 44. Qc7 Kg8 45. Bb4 Rf7 46. Qb8+ Bf8 47. Bd6 hxg5 48. hxg5 Qf5 49. Nh4 Qd3+ 50. Nf3 Qe4 51. Qd8 Qf5 52. Qe8 Rh7 53. Nh4 Qd3+ 1/2-1/2

[Event "ZL-2012-0-01091"]
[Site "LSS email"]
[Date "2012.02.10"]
[Round "?"]
[White "Zmolil, Karel"]
[Black "Bezzina, Reno"]
[Result "0-1"]
[WhiteElo "1226"]
[BlackElo "1335"]
[PlyCount "52"]
[EventDate "2012.02.04"]
[EventType "match (corr)"]
[EventRounds "2"]
[EventCountry "GER"]
[SourceTitle "Telechess CBM 155"]
[Source "ChessBase"]
[SourceDate "2013.07.16"]
[SourceVersion "1"]
[SourceVersionDate "2013.07.16"]
[SourceQuality "1"]

1. e4 Nf6 2. Nc3 d5 3. e5 d4 4. exf6 dxc3 5. fxg7 Bxg7 6. bxc3 0-0 7. Qh5 Nd7 8. d4 Nf6 9. Qh4 Bf5 10. Bd3 Bxd3 11. cxd3 e5 12. dxe5 Qxd3 13. Qd4 Qg6 14. Ne2 Rfd8 15. Qh4 Nd5 16. f4 Qc2 17. Bd2 Nb4 18. Nd4 Qe4+ 19. Kf2 Nd3+ 20. Kg3 Nxe5 21. fxe5 Bxe5+ 22. Bf4 Rd6 23. Nf3 Rg6+ 24. Kf2 Bxf4 25. Rhe1 Qc2+ 26. Re2 Rxg2+ 0-1

[Event "RE-2011-0-00087"]
[Site "LSS email"]
[Date "2012.01.23"]
[Round "?"]
[White "Bezzina, Reno"]
[Black "Perepechenko, Vladislav"]
[Result "0-1"]
[WhiteElo "1363"]
[BlackElo "1533"]
[PlyCount "108"]
[EventDate "2011.12.29"]
[EventType "tourn (corr)"]
[EventRounds "6"]
[EventCountry "GER"]
[SourceTitle "Telechess CBM 153"]
[Source "ChessBase"]
[SourceDate "2013.03.14"]
[SourceVersion "1"]
[SourceVersionDate "2013.03.14"]
[SourceQuality "1"]

1. e4 c5 2. Nf3 d6 3. d4 cxd4 4. Nxd4 Nf6 5. Nc3 a6 6. Bc4 e6 7. Bb3 b5 8. 0-0 Be7 9. Qf3 Qc7 10. Qg3 0-0 11. Re1 Re8 12. a3 Nh5 13. Qh3 Nf6 14. Ba2 Nbd7 15. Qg3 Ne5 16. Be3 Rb8 17. Rad1 Nh5 18. Qh3 g6 19. Bh6 Nc4 20. Bc1 Bb7 21. b3 Ne5 22. f4 b4 23. axb4 Nc6 24. Nxc6 Bxc6 25. Qe3 d5 26. exd5 exd5 27. Nxd5 Bxd5 28. Rxd5 Nf6 29. Re5 Bxb4 30. Bd2 Rxe5 31. Qxe5 Qxe5 32. fxe5 Bxd2 33. Re2 Nd5 34. Rxd2 Nc3 35. Kf2 Nxa2 36. Ke3 Re8 37. Kf4 Rc8 38. Ke4 a5 39. g4 Kf8 40. h4 Ke7 41. h5 gxh5 42. gxh5 Nb4 43. c4 Na6 44. Ra2 Nc5+ 45. Kd4 Nxb3+ 46. Kc3 Nc5 47. Rxa5 Ke6 48. Ra7 Nd7 49. Kd4 Nxe5 50. Ra6+ Rc6 51. Rxc6+ Nxc6+ 52. Ke3 f5 53. h6 Ke5 54. Kf2 Ke4 0-1

[Event "RE-2011-0-00087"]
[Site "LSS email"]
[Date "2012.01.22"]
[Round "?"]
[White "Bezzina, Reno"]
[Black "Ivanchenko, Petr"]
[Result "0-1"]
[WhiteElo "1363"]
[BlackElo "1420"]
[PlyCount "84"]
[EventDate "2011.12.29"]
[EventType "tourn (corr)"]
[EventRounds "6"]
[EventCountry "GER"]
[SourceTitle "Telechess CBM 153"]
[Source "ChessBase"]
[SourceDate "2013.03.14"]
[SourceVersion "1"]
[SourceVersionDate "2013.03.14"]
[SourceQuality "1"]

1. e4 c5 2. Nf3 Nc6 3. d4 cxd4 4. Nxd4 e5 5. Nb5 d6 6. Bc4 Be6 7. Bxe6 fxe6 8. 0-0 a6 9. N5c3 Nf6 10. Bg5 Be7 11. Qd3 Nh5 12. Bd2 Qd7 13. Qh3 Nf6 14. Be3 d5 15. Na4 Rb8 16. Nb6 Qd8 17. exd5 exd5 18. Na4 d4 19. Bg5 b5 20. Nc5 Bxc5 21. Qe6+ Ne7 22. Bxf6 gxf6 23. Qxf6 Rg8 24. Qxe5 Qd5 25. Qxb8+ Kd7 26. Qxg8 Qxg8 27. Nd2 Ng6 28. Ne4 Qc4 29. Rfe1 Nf4 30. Nxc5+ Qxc5 31. Re4 Qg5 32. g3 Nh3+ 33. Kf1 Qf6 34. f4 Ng5 35. Ree1 Qf5 36. Red1 Kc6 37. a4 bxa4 38. Rac1 Nf3 39. Kg2 Qe4 40. Rd3 Ng5+ 41. Kf1 Qh1+ 42. Ke2 Qxh2+ 0-1

[Event "RE-2011-0-00087"]
[Site "LSS email"]
[Date "2012.01.22"]
[Round "?"]
[White "Bezzina, Reno"]
[Black "Roegiers, Ludo"]
[Result "1-0"]
[WhiteElo "1363"]
[BlackElo "1338"]
[PlyCount "85"]
[EventDate "2011.12.29"]
[EventType "tourn (corr)"]
[EventRounds "6"]
[EventCountry "GER"]
[SourceTitle "Telechess CBM 153"]
[Source "ChessBase"]
[SourceDate "2013.03.14"]
[SourceVersion "1"]
[SourceVersionDate "2013.03.14"]
[SourceQuality "1"]

1. e4 e6 2. d4 d5 3. Nc3 Bb4 4. e5 c5 5. a3 Bxc3+ 6. bxc3 Qa5 7. Bd2 Qa4 8. Qg4 g6 9. Qd1 b6 10. Bd3 Nc6 11. Nf3 cxd4 12. Qe2 dxc3 13. Bxc3 Nge7 14. 0-0 Bd7 15. Rfe1 0-0 16. Qd2 Kg7 17. Reb1 Qg4 18. h3 Qh5 19. Qf4 Qh6 20. Qf6+ Kg8 21. Bd2 Qg7 22. Qh4 h5 23. Bg5 Rfe8 24. Rd1 Rac8 25. Bf6 Qh6 26. Rab1 Rc7 27. Rbc1 Bc8 28. c4 dxc4 29. Qxc4 Bb7 30. Bg5 Qf8 31. Nd4 Rec8 32. Nb5 Nxe5 33. Qxc7 Rxc7 34. Rxc7 f6 35. Rxb7 fxg5 36. Be4 g4 37. Rxa7 N7c6 38. Bxc6 Nxc6 39. Rc7 Ne5 40. Na7 Qf6 41. Nc6 Nxc6 42. Rdd7 Qf8 43. Rxc6 1-0

[Event "RE-2011-0-00087"]
[Site "LSS email"]
[Date "2012.01.22"]
[Round "?"]
[White "Stadler, Pavel"]
[Black "Bezzina, Reno"]
[Result "0-1"]
[WhiteElo "1213"]
[BlackElo "1363"]
[PlyCount "64"]
[EventDate "2011.12.29"]
[EventType "tourn (corr)"]
[EventRounds "6"]
[EventCountry "GER"]
[SourceTitle "Telechess CBM 153"]
[Source "ChessBase"]
[SourceDate "2013.03.14"]
[SourceVersion "1"]
[SourceVersionDate "2013.03.14"]
[SourceQuality "1"]

1. e4 Nf6 2. e5 Nd5 3. d4 d6 4. Nf3 Nc6 5. exd6 exd6 6. Be2 Be7 7. 0-0 0-0 8. c4 Nb6 9. h3 Bf5 10. Nc3 Bf6 11. Be3 Re8 12. Rc1 Bg6 13. a3 d5 14. c5 Nc4 15. Bxc4 dxc4 16. d5 Ne5 17. Nxe5 Bxe5 18. Bd4 Bd3 19. Bxe5 Rxe5 20. Re1 Rxe1+ 21. Qxe1 Qf8 22. Qe3 Re8 23. Qd4 b6 24. b4 Qe7 25. Nb5 Qg5 26. Rd1 Be4 27. g3 Qf5 28. Kh2 Qf3 29. Rg1 Bxd5 30. Nxc7 Re2 31. h4 Rxf2+ 32. Kh3 h5 0-1

[Event "RE-2011-0-00087"]
[Site "LSS email"]
[Date "2012.01.22"]
[Round "?"]
[White "Zivotic, Aleksandar"]
[Black "Bezzina, Reno"]
[Result "1-0"]
[WhiteElo "1629"]
[BlackElo "1363"]
[PlyCount "67"]
[EventDate "2011.12.29"]
[EventType "tourn (corr)"]
[EventRounds "6"]
[EventCountry "GER"]
[SourceTitle "Telechess CBM 153"]
[Source "ChessBase"]
[SourceDate "2013.03.14"]
[SourceVersion "1"]
[SourceVersionDate "2013.03.14"]
[SourceQuality "1"]

1. e4 Nf6 2. e5 Nd5 3. d4 d6 4. Nf3 Nc6 5. c4 Nb6 6. e6 fxe6 7. Nc3 g6 8. h4 Bg7 9. Be3 d5 10. c5 Nc4 11. Bxc4 dxc4 12. h5 0-0 13. hxg6 hxg6 14. Qa4 e5 15. 0-0-0 exd4 16. Qxc4+ e6 17. Nxd4 Nxd4 18. Bxd4 Rf4 19. Ne2 Rh4 20. Rxh4 Qxh4 21. f4 Qe7 22. Bc3 a5 23. c6 b6 24. Qe4 e5 25. Qxg6 Qf6 26. Qxf6 Bxf6 27. Bxe5 Bxe5 28. Rd8+ Kf7 29. fxe5 Ke6 30. a4 Kxe5 31. Nc3 Kf4 32. Nd5+ Kg3 33. Nxc7 Rb8 34. Nd5 1-0

[Event "OP-2011-0-01964"]
[Site "LSS email"]
[Date "2011.12.27"]
[Round "?"]
[White "Bezzina, Reno"]
[Black "Shubin, Viktor Petrovich"]
[Result "1/2-1/2"]
[WhiteElo "1363"]
[BlackElo "2020"]
[PlyCount "56"]
[EventDate "2011.12.24"]
[EventType "tourn (corr)"]
[EventRounds "4"]
[EventCountry "GER"]
[SourceTitle "Telechess CBM 153"]
[Source "ChessBase"]
[SourceDate "2013.03.14"]
[SourceVersion "1"]
[SourceVersionDate "2013.03.14"]
[SourceQuality "1"]

1. e4 e6 2. d4 d5 3. Nc3 Nf6 4. Bg5 Bb4 5. e5 h6 6. Bd2 Bxc3 7. bxc3 Ne4 8. Qg4 Kf8 9. h4 Nxd2 10. Kxd2 c5 11. Nf3 c4 12. Be2 b5 13. a4 bxa4 14. Rxa4 Bd7 15. Raa1 a5 16. Qf4 Nc6 17. g4 a4 18. g5 Ne7 19. h5 Nf5 20. gxh6 Nxh6 21. Nh2 Kg8 22. Ng4 Nxg4 23. Qxg4 Rh6 24. Rhg1 Qf8 25. f4 a3 26. Bf3 Ra7 27. f5 Kh7 28. Qf4 exf5 1/2-1/2